000 00393nam a2200145Ia 4500
008 100122s9999 xx 000 0 und d
082 _b11344
_a823
100 _aहसमनीस द का
245 _aऋतुरंग
260 _bवसंत कुमार सराफ
_c1961
300 _a156
630 _aऋतुरंग
730 _aऋतुरंग
942 _cBOOK
999 _c402746
_d402743